Daň z příjmů obyvatelstva

Na minha lista:
Detalhes bibliográficos
Autor principal: Chocholoušek, Aleš
Formato: Livro
Idioma:tcheco
Publicado em: Praha Panoráma 1986
Edição:1. vyd.
Colecção:Praktické příručky
Tags: Adicionar Tag
Sem tags, seja o primeiro a adicionar uma tag!

MARC

LEADER 00000nam a2200000 4500
001 c033215
005 20221220071245.0
041 0 |a cze 
044 |a CZ 
245 1 0 |a Daň z příjmů obyvatelstva  |c Aleš Chocholoušek 
250 |a 1. vyd. 
264 1 |a Praha  |b Panoráma  |c 1986 
300 |a 213 s. 
490 1 |a Praktické příručky 
830 0 |a Praktické příručky 
100 1 |a Chocholoušek, Aleš